000 01893nam2a22003251 4500
001 v19\rc\1600148
005 20250619051508.0
035 _a(NLR Aleph) 004836978
090 _a4781556
_c4781556
100 _a20061002g18971898|||y0rusy50 ca
101 1 _arus
_cger
102 _aRU
105 _ay z |||||
200 1 _aФранцузская литература в XVIII веке
_fПер. А.Н. Пыпина
210 _d1897 (обл. 1898)
_aБ. м.
215 _a[2], IV, XLVIII, 530 с.
327 0 _aС. I-XLVIII 2-й паг.: "Германн Геттнер" [Биогр. очерк] / А. Пыпин
461 0 _1001v19\rc\1600146
_12001#$aИстория всеобщей литературы XVIII века$vТ. 2
_1700#1$aГеттнер$bГ.Т.$f1821-1882$gГерман Теодор$9z01790
_94781538
_aГеттнер, Г.Т. (1821-1882)
_cСанкт-Петербург
_d1896 (обл. 1898)-1897 (обл. 1898)-1897
_e2-е изд., пересмотренное и доп. по послед. 5-му изд. подлинника. Т. 1-
_nО.Н. Попова
_tИстория всеобщей литературы XVIII века
_vТ. 2
464 0 _12001#$aГерманн Геттнер$eБиогр. очерк$fА. Пыпин
_1215##$aС. I-XLVIII 2-й паг.
_1700#1$aПыпин$bА.Н.$f1833-1904$gАлександр Николаевич
_tГерманн Геттнер
_aПыпин, Александр Николаевич (1833-1904)
532 1 1 _aФранцузская литература в восемнадцатом веке
702 1 _aПыпин
_bА.Н.
_f1833-1904
_gАлександр Николаевич
_4730
801 0 _aRU
_bNLR
_gpsbo
801 1 _aRU
_bProSoft-M
_2rusmarc
852 _aNLR
_j20.94.2.41(2)
852 _aNLR
_j130/5752(2)
852 _aNLR
_j20.94.2.41
852 _aNLR
_j130/5752
852 _aNLR
_bМф
_jК-1/4324
942 _cBOOK
980 _aNB